Carpinteros de la Sierra : (Record no. 10862)
[ view plain ]
| 000 -CABECERA | |
|---|---|
| campo de control de longitud fija | 01243nam a22002537a 4500 |
| 001 - NÚMERO DE CONTROL | |
| campo de control | BRCA_9243 |
| 003 - IDENTIFICADOR DEL NÚMERO DE CONTROL | |
| campo de control | FranzMayer |
| 005 - FECHA Y HORA DE LA ÚLTIMA TRANSACCIÓN | |
| campo de control | 20221006172245.0 |
| 008 - DATOS DE LONGITUD FIJA--INFORMACIÓN GENERAL | |
| campo de control de longitud fija | 221006b |||||||| |||| 00| 0 eng d |
| 020 ## - NÚMERO INTERNACIONAL ESTÁNDAR DEL LIBRO | |
| Número Internacional Estándar del Libro | 9786073015738 |
| Información calificativa | Obra completa |
| 020 ## - NÚMERO INTERNACIONAL ESTÁNDAR DEL LIBRO | |
| Número Internacional Estándar del Libro | 9786073015745 |
| Información calificativa | Tomo I |
| 020 ## - NÚMERO INTERNACIONAL ESTÁNDAR DEL LIBRO | |
| Número Internacional Estándar del Libro | 9786073015752 |
| Información calificativa | Tomo II |
| 040 ## - FUENTE DE LA CATALOGACIÓN | |
| Lengua de catalogación | spa |
| Centro/agencia transcriptor | MFM |
| 041 ## - CÓDIGO DE LENGUA | |
| Código de lengua del texto/banda sonora o título independiente | spa |
| 050 ## - SIGNATURA TOPOGRÁFICA DE LA BIBLIOTECA DEL CONGRESO | |
| Número de clasificación | TT197. |
| Número de documento/Ítem | C37 2019 |
| 245 ## - MENCIÓN DE TÍTULO | |
| Título | Carpinteros de la Sierra : |
| Resto del título | el mobiliario taraceado de la Villa Alta de San Ildefonso, Oaxaca (Siglos XVII y XVIII) |
| 260 ## - PUBLICACIÓN, DISTRIBUCIÓN, ETC. | |
| Lugar de publicación, distribución, etc. | México : |
| Nombre del editor, distribuidor, etc. | Universidad Nacional Autónoma de México, Instituto de Investigaciones Estéticas, |
| Fecha de publicación, distribución, etc. | 2019 |
| 300 ## - DESCRIPCIÓN FÍSICA | |
| Extensión | 2 vol. : |
| Otras características físicas | il. fot. ; |
| 505 ## - NOTA DE CONTENIDO CON FORMATO | |
| Información miscelánea | Tomo I. |
| Título | Estudios / |
| Mención de responsabilidad | Carla Aymes, Dennis Carr, Gustavo Curiel, Berenice Jarquín Pacheco, César Manrique Figueroa, Mireya Olvera Sánchez, Alejandra Quintanar Isaías, Jorge F. Rivas Pérez, Guillermina Solé Peñalosa e Hilda Urréchaga |
| 505 ## - NOTA DE CONTENIDO CON FORMATO | |
| Información miscelánea | Tomo II. |
| Título | Catálogo razonado / |
| Mención de responsabilidad | Gustavo Curiel |
| 650 ## - PUNTO DE ACCESO ADICIONAL DE MATERIA--TÉRMINO DE MATERIA | |
| Término de materia o nombre geográfico como elemento de entrada | Ebanistería |
| Subdivisión geográfica | Oaxaca de Juárez (Mexico) |
| -- | San Ildefonso Villa Alta (Mexico) |
| Subdivisión general | Historia |
| 9 (RLIN) | 28600 |
| 650 ## - PUNTO DE ACCESO ADICIONAL DE MATERIA--TÉRMINO DE MATERIA | |
| Término de materia o nombre geográfico como elemento de entrada | Muebles coloniales |
| Subdivisión geográfica | Oaxaca de Juárez (Mexico) |
| -- | San Ildefonso Villa Alta (Mexico) |
| Subdivisión de forma | Catálogos |
| 9 (RLIN) | 28601 |
| 942 ## - ELEMENTOS DE PUNTO DE ACCESO ADICIONAL (KOHA) | |
| Fuente del sistema de clasificación o colocación | Library of Congress Classification |
| Tipo de ítem Koha | Libros |
| Estado de retiro | Estado de pérdida | Fuente del sistema de clasificación o colocación | Estado dañado | No para préstamo | Localización permanente | Ubicación/localización actual | Fecha de adquisición | Signatura topográfica completa | Código de barras | Fecha visto por última vez | Precio válido a partir de | Tipo de ítem Koha | Total de préstamos | Código de colección |
|---|---|---|---|---|---|---|---|---|---|---|---|---|---|---|
| El ejemplar forma parte de la colección y puede ser consultado según las políticas vigentes. | Library of Congress Classification | Biblioteca del Museo Franz Mayer (Rogerio Casas-Alatriste) | Biblioteca del Museo Franz Mayer (Rogerio Casas-Alatriste) | 06/10/2022 | TT197. C37 2019 t.1 | CONT10036 | 06/10/2022 | 06/10/2022 | Libros | |||||
| El ejemplar forma parte de la colección y puede ser consultado según las políticas vigentes. | Library of Congress Classification | Biblioteca del Museo Franz Mayer (Rogerio Casas-Alatriste) | Biblioteca del Museo Franz Mayer (Rogerio Casas-Alatriste) | 06/10/2022 | TT197. C37 2019 t.2 | CONT10037 | 06/10/2022 | 06/10/2022 | Libros | |||||
| El ejemplar forma parte de la colección y puede ser consultado según las políticas vigentes. | Library of Congress Classification | Biblioteca del Museo Franz Mayer (Rogerio Casas-Alatriste) | Biblioteca del Museo Franz Mayer (Rogerio Casas-Alatriste) | 18/09/2023 | TT197. C37 2019 t.1 | CONT10223 | 18/09/2023 | 18/09/2023 | Libros | Fondo Contemporáneo | ||||
| El ejemplar forma parte de la colección y puede ser consultado según las políticas vigentes. | Library of Congress Classification | Biblioteca del Museo Franz Mayer (Rogerio Casas-Alatriste) | Biblioteca del Museo Franz Mayer (Rogerio Casas-Alatriste) | 18/09/2023 | TT197. C37 2019 t.2 | CONT10224 | 18/09/2023 | 18/09/2023 | Libros | Fondo Contemporáneo |